Palmer and another v Bowman and another (Record no. 63489)
[ view plain ]
| 000 -LEADER | |
|---|---|
| fixed length control field | 01141cam a2200217 4500 |
| 001 - CONTROL NUMBER | |
| control field | ABS62268 |
| 008 - FIXED-LENGTH DATA ELEMENTS--GENERAL INFORMATION | |
| fixed length control field | 000000n2000 000 0 eng u |
| 035 ## - SYSTEM CONTROL NUMBER | |
| System control number | (Sirsi) u106009 |
| 245 ## - TITLE STATEMENT | |
| Title | Palmer and another v Bowman and another |
| 260 ## - PUBLICATION, DISTRIBUTION, ETC. | |
| Date of publication, distribution, etc. | 2000 |
| 490 ## - SERIES STATEMENT | |
| Series statement | Weekly Law Reports |
| Volume/sequential designation | [2000] 1 WLR 842-856(18) |
| 520 ## - SUMMARY, ETC. | |
| Summary, etc. | CA 14 January 1999. Plaintiff P and defendant B were neighbouring landowners. Naturally occurring water had previously drained from P's land to B's land via drainage ditches which belonged to B but had gradually disappeared over the previous 30 years. P claimed entitlement to easement of drainage. . P appealed against ruling that the easement had been extinguished by abandonment. B cross appealed on the grounds that B was not entitled to the easement. Appeal dismissed and cross appeal allowed. Held that right to drainage was not capable of being established as an easement. |
| 590 ## - LOCAL NOTE (RLIN) | |
| Local note | ABS |
| 650 ## - SUBJECT ADDED ENTRY--TOPICAL TERM | |
| Topical term or geographic name entry element | NATURAL DRAINAGE |
| 650 ## - SUBJECT ADDED ENTRY--TOPICAL TERM | |
| Topical term or geographic name entry element | EASEMENT |
| 650 ## - SUBJECT ADDED ENTRY--TOPICAL TERM | |
| Topical term or geographic name entry element | PALMER V BOWMAN |
| 650 ## - SUBJECT ADDED ENTRY--TOPICAL TERM | |
| Topical term or geographic name entry element | DRAINAGE |
| 650 ## - SUBJECT ADDED ENTRY--TOPICAL TERM | |
| Topical term or geographic name entry element | DITCHES |
| 690 ## - LOCAL SUBJECT ADDED ENTRY--TOPICAL TERM (OCLC, RLIN) | |
| Topical term or geographic name as entry element | BOUNDARIES, PARTY WALLS AND EASEMENTS-CASE LAW |
| 942 ## - ADDED ENTRY ELEMENTS (KOHA) | |
| Suppress in OPAC | 0 |
| Withdrawn status | Lost status | Source of classification or shelving scheme | Damaged status | Not for loan | Home library | Current library | Shelving location | Date acquired | Total Checkouts | Full call number | Barcode | Date last seen | Copy number | Price effective from | Koha item type |
|---|---|---|---|---|---|---|---|---|---|---|---|---|---|---|---|
| Dewey Decimal Classification | London | London | Journal article | 18/05/2000 | ABS62268 | 106009-1001 | 06/08/2019 | 1 | 06/08/2019 | Law report |